The First 100 Words of Emma - Statistics

General Stats
  • This quiz has been taken 156 times
  • The average score is 49 of 100
Answer Stats
Answer % Correct
a
97%
the
96%
Emma
94%
an
92%
her.
88%
her
88%
Her
88%
and
86%
was
86%
in
83%
she
82%
of
79%
to
79%
father;
75%
had
70%
had,
70%
for
67%
mother
66%
too
53%
by
50%
lived
50%
with
50%
house
48%
from
47%
have
46%
Woodhouse,
45%
died
43%
his
42%
very
41%
or
38%
been
36%
little
36%
rich,
36%
two
36%
youngest
35%
home
33%
years
32%
daughters
31%
handsome,
30%
than
28%
clever,
27%
some
27%
long
25%
sister's
23%
marriage,
22%
most
22%
happy
21%
more
21%
ago
20%
best
19%
early
18%
vex
17%
world
16%
mistress
15%
twenty-one
15%
comfortable
12%
place
12%
disposition,
9%
indulgent
8%
consequence
7%
nearly
6%
remembrance
6%
seemed
6%
caresses;
5%
distress
4%
indistinct
4%
period.
4%
unite
4%
blessings
3%
excellent
3%
existence;
3%
affectionate,
2%
supplied
2%
No matching quizzes found
Score Distribution
Percent of People with Each Score
Percentile by Number Answered
Your Score History
You have not taken this quiz